[Event "2024 Jeremy Silman Memorial TNM"]
[Site "San Francisco"]
[Date "2024.07.09"]
[Round "1.9"]
[White "Sundar, Neal"]
[Black "Diller, Bradley R"]
[Result "0-1"]
[WhiteElo "1510"]
[BlackElo "2116"]
[Annotator "Diller,Bradley R"]
[PlyCount "66"]
[GameId "2066087780344053"]
[EventDate "2024.??.??"]

1. d4 Nf6 2. Bf4 d5 3. Nc3 e6 4. Nf3 Bd6 5. Bg3 O-O ({Relevant:} 5... a6 6. Qd3 b5 7. e3 Bb7 8. Be2 Nbd7 9. O-O O-O 10. Rfe1 Be7 11. Ne5 c5 12. Bf3 Rc8 13. Rad1 Nxe5 14. Bxe5 Bd6 15. Bg3 Re8 16. a3 h6 17. Bh4 Be7 18. Ne2 Ne4 19. Bxe7 Qxe7 20. Bxe4 dxe4 21. Qd2 Red8 22. c3 e5 23. Ng3 cxd4 24. exd4 exd4 25. cxd4 Rc4 26. Qe3 Qf6 27. Ne2 Rc2 28. Rd2 Rxd2 29. Qxd2 Qg5 30. Qe3 Rc8 31. Rc1 Rxc1+ 32. Nxc1 Qd5 33. Kf1 f5 34. Ke1 g5 35. g3 {½-½ Moiseenko,V (2549)-Kryakvin,D (2570) Sochi Lobanov Memorial Blitz 2021 (7)}) 6. e3 c5 7. Nb5 Bxg3 8. hxg3 a6 {[#]} 9. Nc3 $146 ({"Predecessor":} 9. Na3 Nbd7 10. c3 Re8 11. Ne5 h6 12. g4 cxd4 13. exd4 Nxe5 14. dxe5 Ne4 15. f4 Qb6 16. Qc2 Qe3+ 17. Be2 Qg3+ 18. Kd1 Nf2+ 19. Kd2 Qxf4+ {0-1 Donate Moreno,D (1750)-Camacho Marin,F (1853) ESP-ch U16 Salobrena 2021 (7)}) 9... Nc6 10. Bd3 c4 11. Be2 b5 12. a3 Rb8 13. Ne5 Qc7 14. Ng4 Nxg4 (14... Ne4 $142 15. Nxe4 dxe4 16. Nf6+ gxf6 17. Bd3 Re8 18. Bxe4 Nd8 19. Rxh7 Kf8) 15. Bxg4 f5 16. Bf3 {Careless move and failed to see the following tactic which should have been obvious.} b4 $4 (16... Ne7 $142) 17. Nxd5 $1 Qd6 18. Nf4 Ne7 19. a4 Bd7 $2 (19... a5 $142 {Followed by Nd5 and the game might be holdable.}) 20. e4 fxe4 21. Bxe4 Nf5 22. Qh5 $2 (22. c3 $18) 22... h6 23. Ng6 $2 Rf6 24. c3 $4 Be8 $19 25. g4 Bxg6 26. Qh3 Ne7 27. g5 hxg5 28. f3 Qf4 29. g3 Qe3+ 30. Kd1 Bxe4 31. fxe4 bxc3 32. bxc3 Qd3+ 33. Kc1 Qxc3+ 0-1

[Event "2024 Jeremy Silman Memorial TNM"]
[Site "San Francisco"]
[Date "2024.07.09"]
[Round "1.10"]
[White "Bambou, Christophe"]
[Black "Starr, Albert Martin"]
[Result "1-0"]
[WhiteElo "2099"]
[BlackElo "1500"]
[PlyCount "93"]
[GameId "2065851851274430"]
[EventDate "2024.??.??"]

1. e4 e5 2. Nf3 Nf6 3. Nc3 Bb4 4. Nxe5 O-O 5. Nd3 Bxc3 6. dxc3 Nxe4 7. Be2 d5 8. O-O c6 9. Nf4 Nd7 10. c4 dxc4 11. Bxc4 Nb6 12. Bb3 Qf6 13. Be3 Rd8 14. Qe2 Bf5 15. c3 h6 16. f3 Ng5 17. Rad1 Re8 18. Qf2 Ne6 19. Nxe6 Bxe6 20. Bc2 Nd5 21. Bd4 Qe7 22. f4 f6 23. c4 Nb6 24. b3 Qc7 25. Qg3 Nd7 26. Bg6 Bf7 27. Bf5 Be6 28. Bc2 Bf7 29. Bc3 Re6 30. Bf5 Rd6 31. Rxd6 Qxd6 32. Bxd7 Qxd7 33. Bxf6 Be8 34. Bc3 Qf7 35. f5 Rd8 36. Re1 Rd7 37. f6 g6 38. Qe3 Qf8 39. Qxe8 Qxe8 40. Rxe8+ Kf7 41. Re7+ Rxe7 42. fxe7 Kxe7 43. Kf2 h5 44. Kf3 a6 45. Kf4 Kf7 46. Kg5 b5 47. c5 1-0

[Event "2024 Jeremy Silman Memorial TNM"]
[Site "San Francisco"]
[Date "2024.07.09"]
[Round "1.11"]
[White "Boyer, John"]
[Black "McCollum, Patrick"]
[Result "1-0"]
[WhiteElo "1493"]
[BlackElo "2050"]
[PlyCount "73"]
[GameId "2066087780344055"]
[EventDate "2024.??.??"]

1. c4 f5 2. d4 e6 3. Nc3 Bb4 4. Bd2 Nf6 5. e3 O-O 6. Bd3 b6 7. Nf3 Bb7 8. O-O d6 9. Qc2 Bxc3 10. Bxc3 Ne4 11. Ne1 ({Relevant:} 11. Rae1 Nd7 12. Nd2 Qh4 13. f3 Nxc3 14. Qxc3 e5 15. f4 Rf6 16. Nf3 Bxf3 17. Rxf3 exd4 18. exd4 Rf7 19. c5 d5 20. c6 Nf8 21. Re5 Rd8 22. Bxf5 g6 23. Bc2 Rxf4 24. g3 Rxf3 25. gxh4 Rxc3 26. bxc3 Rd6 27. Bb3 Kg7 28. Re7+ Kf6 29. Rxc7 a5 30. Ba4 Re6 31. Rb7 Re3 32. c7 Rxc3 33. Rxb6+ Ke7 34. Rc6 {1-0 Socko,B (2642)-Bellahcene,B (2512) Abu Dhabi op Blitz 27th 2021 (2)}) 11... Nd7 12. f3 Nxc3 {[#]} 13. bxc3 $146 ({Predecessor:} 13. Qxc3 f4 14. Be4 Bxe4 15. fxe4 fxe3 16. Rxf8+ Qxf8 17. Qxe3 Qf6 18. Nf3 e5 19. d5 Rf8 20. Rf1 Qg6 21. Nd2 Rxf1+ 22. Nxf1 Nf6 23. Ng3 Ng4 24. Qd2 h5 25. Nf5 Qf6 26. h3 g6 27. hxg4 gxf5 28. gxf5 Qh4 29. Qe3 a5 30. a4 Qg4 31. Kf2 Kf7 32. b3 h4 33. Qf3 Qg5 34. Qe3 Qg4 35. Qf3 Qg5 {½-½ Dungl,M (1976)-Zavadil,M (2106) Kouty nad Desnou op-A 2012 (8)}) 13... Qg5 14. Qf2 Rae8 15. f4 Qh5 16. Be2 Qf7 17. Nf3 e5 {[#]} 18. Ng5 Qg6 19. d5 Nc5 20. Qh4 exf4 21. Bh5 Qh6 22. Rxf4 Rxe3 23. Bf3 Qxh4 24. Rxh4 h6 25. Nh3 Rfe8 26. Bh5 R8e4 27. Rxe4 Rxe4 28. Bg6 Bc8 29. Rf1 Rxc4 30. Nf4 Re4 31. g4 Bd7 32. gxf5 Be8 33. Rf3 Bxg6 34. fxg6 Re5 35. h4 Rf5 36. Kg2 Kf8 37. Ne6+ 1-0

[Event "2024 Jeremy Silman Memorial TNM"]
[Site "San Francisco"]
[Date "2024.07.09"]
[Round "1.12"]
[White "Hao, Max"]
[Black "Agdamag, Samuel"]
[Result "1-0"]
[WhiteElo "2035"]
[BlackElo "1467"]
[PlyCount "69"]
[GameId "2066087780344056"]
[EventDate "2024.??.??"]

1. d4 Nf6 2. c4 g6 3. Nf3 Bg7 4. Nc3 O-O 5. g3 c6 6. e4 d6 7. Bg2 Bg4 8. h3 ({Relevant:} 8. O-O Nbd7 9. h3 Bxf3 10. Bxf3 e5 11. d5 Qe7 12. Be3 h5 13. Qd2 c5 14. Rab1 Rac8 15. Bg5 a6 16. Kg2 Qe8 17. Be3 Rc7 18. g4 Kh7 19. Ne2 b5 20. cxb5 axb5 21. gxh5 c4 22. Ng3 Nc5 23. Rh1 Nd3 24. h4 Nf4+ 25. Bxf4 exf4 26. Qxf4 Nd7 27. Qxd6 Be5 28. hxg6+ fxg6 29. Qe6 Qxe6 30. dxe6 Nc5 31. h5 Nxe6 32. hxg6+ Kxg6 33. Bg4 Nf4+ 34. Kf3 c3 35. Bf5+ Kg5 36. Rbg1 Kf6 37. Rh6+ Ke7 {1-0 Bok,B (2620)-Ter Sahakyan,S (2640) Chessable Masters Div 2 Win Chess.com INT rapid 2024 (2.4)}) 8... Bc8 9. O-O Nbd7 10. Qe2 e5 11. dxe5 dxe5 {[#]} 12. Rd1 $146 ({Predecessor:} 12. Be3 Qe7 13. Rad1 Nc5 14. Nd2 Be6 15. b4 Ncd7 16. c5 a5 17. a3 axb4 18. axb4 Ra3 19. Rc1 Rb8 20. b5 Rc8 21. Nc4 Bxc4 22. Qxc4 Bf8 23. bxc6 bxc6 24. Na4 Ra8 25. Nb6 R8a5 26. Qb4 Ra2 27. Rc3 Rb5 28. Qc4 Rab2 29. Rfc1 R2b4 30. Qd3 Qe6 31. f4 exf4 32. Nxd7 Nxd7 33. gxf4 Nf6 34. e5 Nd5 35. Bxd5 cxd5 36. c6 Rb8 37. c7 Rc8 38. Bc5 Rxf4 39. Bxf8 Kxf8 40. Qe3 Re4 41. Qc5+ Kg7 {0-1 Post,H-Meckenstock,R NRW-ch U15 Bad Driburg 1994 (2)}) 12... Qc7 13. b3 Qa5 14. Bb2 Re8 15. a3 Qb6 16. b4 Nh5 17. c5 Nxg3 18. cxb6 Nxe2+ 19. Nxe2 Nxb6 20. Rac1 Be6 21. Ng3 Red8 22. Bxe5 Bh6 23. Rb1 Nc4 24. Bf6 Rxd1+ 25. Rxd1 Nxa3 26. Ng5 Bxg5 27. Bxg5 Kg7 28. e5 a5 29. Bf6+ Kh6 30. Rd4 g5 31. h4 g4 32. bxa5 Rxa5 33. Rd8 Nc4 34. Rg8 Rxe5 35. Bg5+ 1-0

[Event "2024 Jeremy Silman Memorial TNM"]
[Site "San Francisco"]
[Date "2024.07.09"]
[Round "1.13"]
[White "Ni, Tao"]
[Black "Lesniewski, Lucas"]
[Result "0-1"]
[WhiteElo "1449"]
[BlackElo "2011"]
[Annotator "Winslow,Elliott"]
[PlyCount "66"]
[GameId "2066087780348153"]
[EventDate "2024.??.??"]

1. e4 c6 2. d4 d5 3. exd5 cxd5 4. Bd3 Nf6 5. h3 Nc6 6. c3 e5 7. dxe5 Nxe5 8. Nf3 Nxd3+ 9. Qxd3 Bd6 {The main line 9...Bd6 scores better than 9...Be7.} 10. Bg5 O-O 11. O-O h6 12. Bh4 g5 13. Bg3 Nh5 14. Bxd6 Qxd6 15. Nd4 Nf4 {[#]} 16. Qg3 $146 ({Predecessor:} 16. Qf3 Re8 17. Nd2 Bd7 18. Rfe1 a5 19. Re3 Re7 20. Rae1 Rae8 21. Nf1 a4 22. Ng3 Rxe3 23. Rxe3 a3 24. b3 Qg6 25. Rxe8+ Bxe8 26. Ngf5 Qf6 27. g3 Bd7 28. gxf4 Bxf5 29. Qxd5 Bb1 30. fxg5 Qxg5+ 31. Qxg5+ hxg5 32. Nb5 Bxa2 33. b4 Be6 34. Nxa3 Bxh3 35. Nc4 Be6 36. Nd6 Bd5 37. c4 Bc6 38. b5 Bf3 39. Kh2 Kf8 40. Kg3 g4 41. Kf4 Ke7 42. c5 Ke6 43. Nf5 Kd5 44. c6 Ke6 45. c7 Kd7 {1-0 Morkunas,G (2052)-Brattgjerd,I (2235) Wch U14 Montesilvano 2023 (10)}) 16... Bf5 {[#]} 17. Nd2 (17. Nxf5 Ne2+ 18. Kh2 Nxg3 19. Nxd6 Nxf1+ 20. Kg1 $16) 17... Bg6 18. Rfe1 Qb6 19. N2b3 a5 20. a4 Rfe8 21. Qf3 Be4 22. Qg4 Bxg2 23. h4 Bh3 24. Qg3 Qg6 25. hxg5 hxg5 26. Re3 Kg7 27. Nc5 Bf5 28. Nxf5+ Qxf5 29. Nd3 Rxe3 30. Qxe3 Qg4+ 31. Kf1 Qg2+ 32. Ke1 Nxd3+ 33. Qxd3 Re8+ 0-1

[Event "2024 Jeremy Silman Memorial TNM"]
[Site "San Francisco"]
[Date "2024.07.09"]
[Round "1.14"]
[White "Smith, Roger Christopher"]
[Black "Nystrom Burke, Oli"]
[Result "1-0"]
[WhiteElo "1980"]
[BlackElo "1426"]
[PlyCount "81"]
[GameId "2066087780348154"]
[EventDate "2024.??.??"]

1. d4 d5 2. Nf3 Bf5 3. e3 Nf6 4. Bd3 e6 5. O-O Bd6 ({Relevant:} 5... Bg6 6. c4 c6 7. Ne5 Nbd7 8. Nxg6 hxg6 9. Nc3 Bd6 10. h3 Qe7 11. Qb3 dxc4 12. Bxc4 b5 13. Be2 e5 14. d5 Nc5 15. Qc2 b4 16. Na4 cxd5 17. Bb5+ Kf8 18. Nxc5 Bxc5 19. Rd1 Rb8 20. Bf1 g5 21. Qf5 g4 22. hxg4 g6 23. Qg5 Qe6 24. f3 Be7 25. e4 Nxe4 26. Qh6+ Rxh6 27. Bxh6+ Kg8 28. fxe4 Bc5+ 29. Kh2 Qxg4 {0-1 Vakhidov,J (2607)-Erigaisi,A (2701) Astana Satty Zhuldyz Blitz 2023 (16)}) 6. c4 Bxd3 7. Qxd3 dxc4 8. Qxc4 Nc6 9. Nc3 O-O 10. e4 e5 11. d5 {[#]} Na5 $146 ({Predecessor:} 11... Ne7 12. Bg5 Ng6 13. Rac1 a6 14. Ne2 h6 15. Be3 Rc8 16. Ng3 c6 17. dxc6 Rxc6 18. Qb3 Rxc1 19. Rxc1 Qd7 20. Rd1 Qc6 21. Qb6 Qxb6 22. Bxb6 Rc8 23. Rxd6 Rc1+ 24. Nf1 Rb1 25. b3 Ra1 26. a4 Rb1 27. N3d2 Rd1 28. Nc4 Rb1 29. Na5 Nxe4 30. Rd8+ Kh7 31. g3 Nc3 32. Be3 f5 33. Kg2 f4 34. Bd2 Ne2 35. f3 h5 36. Kf2 fxg3+ 37. hxg3 Nd4 38. Bc3 Nxf3 39. Nd2 Nxd2 40. Rxd2 b6 41. Nc6 {½-½ Orhan,E (1603)-Friese,S (1176) NRW-ch U14 Girls Kranenburg 2008 (3)}) 12. Qe2 Re8 13. Bg5 c5 14. Rfd1 c4 15. Nb5 a6 16. Nxd6 Qxd6 17. Nh4 Nd7 18. Nf5 Qc5 19. Qg4 f6 20. Bxf6 g6 21. Nh6+ Kf8 22. Qxd7 Re7 23. Bxe7+ Qxe7 24. Qxe7+ Kxe7 25. g3 b5 26. f4 Nb7 27. fxe5 Nc5 28. Rd4 Nd3 29. Rxd3 cxd3 30. Rd1 Rc8 31. Rxd3 Rc1+ 32. Kg2 Rc2+ 33. Kf3 Rxb2 34. Ra3 Rxh2 35. Ng4 Rc2 36. Rxa6 h5 37. Ne3 Rb2 38. Ra7+ Kd8 39. e6 g5 40. d6 h4 41. Ra8# 1-0

[Event "2024 Jeremy Silman Memorial TNM"]
[Site "San Francisco"]
[Date "2024.07.09"]
[Round "1.15"]
[White "D'Mello, Sanjay"]
[Black "Walder, Michael"]
[Result "0-1"]
[WhiteElo "1424"]
[BlackElo "1976"]
[Annotator "TA 6.4"]
[PlyCount "92"]
[GameId "2065853973957372"]
[EventDate "2024.??.??"]

1. e4 c5 2. Bc4 e6 3. Nc3 Nc6 4. Nf3 Nf6 5. e5 ({Relevant:} 5. O-O d5 6. exd5 exd5 7. Re1+ Be7 8. Bf1 d4 9. Ne4 Nxe4 10. Rxe4 Bf5 11. Re1 d3 12. c3 O-O 13. Qa4 Bf6 14. b3 Qd6 15. Ba3 b6 16. Re3 Rad8 17. Rae1 h6 18. g3 Ne7 19. Nd4 Bg6 20. Bxd3 Bxd3 21. Rxd3 Nf5 22. Rf3 Nxd4 23. cxd4 Qxd4 24. Qxd4 Bxd4 25. b4 cxb4 26. Bxb4 Rfe8 27. Rxe8+ Rxe8 28. Kf1 a5 29. Bc3 Bc5 30. d4 Bd6 31. Re3 Rc8 32. Ke2 a4 33. Kd3 b5 34. Re1 Kf8 {0-1 Bartel,M (2657)-Safarli,E (2604) Chessable Masters Play In Chess.com INT rapid 2024 (2)}) 5... Ng4 6. Qe2 Qc7 7. Nb5 Qb8 8. d4 {The position is equal.} a6 $1 9. Nd6+ Bxd6 10. exd6 Qxd6 11. d5 Nce5 {[#]} 12. Bf4 $146 {[#]} ({Predecessor:} 12. h3 Nxf3+ 13. Qxf3 Ne5 14. Qe4 Nxc4 15. Qxc4 Qe5+ 16. Be3 Qxb2 17. O-O b6 18. Rab1 Qe5 19. Rxb6 O-O 20. Qxc5 Rb8 21. f4 Rxb6 22. fxe5 Rb8 23. Qd6 Bb7 24. Rb1 Rbc8 25. Rxb7 Rxc2 26. Qxf8+ Kxf8 27. Rb8+ {1-0 Carswell,D-Acacio,A (1647) SCO-VEN email ICCF email 2014 [25]}) 12... Nd3+ {Discovered Attack} 13. Bxd3 Qxf4 14. g3 Qh6 {[%eval 0,32]} (14... Qc7 $15 {[%eval -60,27]}) 15. h3 $2 {[%eval -89,30]} (15. Nh4 $1 $11 {[%eval 0,32]} Qh5 16. dxe6 fxe6 (16... dxe6 17. O-O-O $11) 17. Be4) 15... O-O $17 16. d6 {[%eval -183,27]} (16. Rg1 $17 {[%eval -85,33] might work better.} Nf6 (16... Qxh3 17. Ng5 $14) 17. d6) 16... f5 $19 17. Nh4 {[%eval -264,28]} (17. Qf1 {[%eval -182,32] was worth a try.} Nf6 18. Ne5) 17... Nf6 18. Bxf5 g5 19. Qd2 Qh5 $2 {[%eval -87,33]} (19... exf5 20. Nxf5 Re8+ 21. Ne7+ Kh8 22. O-O-O $11) (19... Qg7 $19 {[%eval -328,33]} 20. Bd3 gxh4 21. gxh4 Kh8) 20. Bg4 $17 Nxg4 21. hxg4 Qxg4 {aiming for ...Qe4+.} 22. Ng2 b5 {White must now prevent ...Bb7.} (22... Qe4+ 23. Kf1 $11) 23. Ne3 Qf3 $36 {Black fights for an advantage.} 24. Ng2 $2 {[%eval -263,30]} Rf5 $19 ({Not} 24... Qxg2 25. Qxg5+ Kh8 26. Qe5+ Kg8 27. Qg5+ Kh8 28. Qe5+ Kg8 29. Qg5+ $11) 25. Rh2 Bb7 26. Ne3 {[#]} Rf7 {[%eval -92,33]} (26... Re5 $1 $19 {[%eval -237,30] has better winning chances. And now ...Rf8 would win.} 27. Qc3 Re4 28. Qxc5 e5) 27. Qa5 {[%eval -233,28]} (27. Qc3 $17 {[%eval -92,33]}) 27... Raf8 28. Rd1 $2 {[%eval -298,31]} (28. Qc3 $17 {[%eval -141,33]}) 28... h5 {Hoping for ...h4!} 29. Rd2 Rh7 30. Qc3 c4 31. Qe5 Qf6 {Prevents Qxg5+} 32. Qc5 {[%eval -395,27]} (32. Qxf6 $142 {[%eval -245,35]} Rxf6 33. Rh3) 32... Bf3 ({Less strong is} 32... Qxb2 33. Qxg5+ Rg7 34. Qxh5 $19) 33. Qa3 h4 {...hxg3 is the strong threat.} 34. Qc3 Qxc3 35. bxc3 hxg3 36. fxg3 Rff7 37. g4 Rxh2 38. Rxh2 Rh7 {Against Rh5} 39. Rxh7 Kxh7 {Endgame. KB-KN} 40. Kf2 Be4 41. Ke2 Kg7 42. Kd2 Kf6 43. a4 Ke5 44. axb5 axb5 {Black mates.} ({Worse is} 44... Kxd6 45. bxa6 Kc5 46. a7 $11) 45. Nd1 Bf3 46. Nf2 Kf4 {Weighted Error Value: White=0.61/Black=0.24 (precise)} 0-1

[Event "2024 Jeremy Silman Memorial TNM"]
[Site "San Francisco"]
[Date "2024.07.09"]
[Round "1.16"]
[White "Ivanenko, Anthony Vladimir"]
[Black "Liu, Jinfeng"]
[Result "1-0"]
[WhiteElo "1969"]
[BlackElo "1413"]
[Annotator "Winslow,Elliott"]
[PlyCount "109"]
[GameId "2066087780352252"]
[EventDate "2024.??.??"]

1. e4 c5 2. Nf3 e6 3. d4 cxd4 4. Nxd4 a6 5. c4 Nf6 6. Nc3 Qc7 7. a3 b6 8. Be3 Bb7 9. Bd3 ({Relevant:} 9. f3 Bc5 10. Qd2 O-O 11. Be2 d5 12. e5 Qxe5 13. b4 Be7 14. Bf4 Qh5 15. g4 Qg6 16. Bd3 Ne4 17. fxe4 dxe4 18. Bc2 Bh4+ 19. Bg3 Qxg4 20. Rg1 Rd8 21. Qe2 Qf4 22. Rd1 e3 23. Nxe6 Bxg3+ 24. Rxg3 Rxd1+ 25. Nxd1 fxe6 26. Nxe3 Nc6 27. Qd3 Qh4 28. Qd7 Qe7 29. Qd3 g6 30. Ng4 Rf8 31. Qe3 e5 32. Qh6 Qg7 33. Bxg6 hxg6 34. Qg5 Nd4 35. Nh6+ Kh7 36. Rh3 Nf3+ {0-1 Quesada Perez,Y (2591)-Vachier Lagrave,M (2732) Titled Tuesday intern op 21st May Late Chess.com INT blitz 2024 (5)}) 9... Nc6 10. b4 Be7 11. O-O O-O 12. Rc1 {[#]} Ne5 $146 ({Predecessor:} 12... Rac8 13. f4 d6 14. b5 Nxd4 15. Bxd4 e5 16. Be3 a5 17. Nd5 Bxd5 18. cxd5 Qb7 19. Qf3 Nd7 20. a4 Rxc1 21. Rxc1 Rc8 22. Rc6 f6 23. Qh3 Rc7 24. Be2 exf4 25. Bxf4 Ne5 26. Bxe5 fxe5 27. Qc3 Rxc6 28. Qxc6 Qxc6 29. bxc6 Bd8 30. h4 Kf8 31. g4 Ke8 32. Bb5 Bc7 33. Kg2 h6 34. g5 hxg5 35. Kg3 gxh4+ 36. Kxh4 Ke7 37. Kg5 g6 38. Kxg6 {½-½ Gomez Perez,J (1857)-Silva Suna,J (1797) COL-ch U12 Yopal 2012 (9)}) 13. f3 Rac8 14. Be2 Rfe8 15. Na4 d6 16. Nb3 Ned7 17. Qd4 {[#]} e5 $6 18. Qd2 Qd8 19. Rfd1 Bc6 20. Nc3 h6 21. Rc2 Bb7 22. Ra2 Qc7 23. a4 Qb8 24. a5 {[#]} bxa5 25. Nxa5 Rc7 26. Nxb7 Qxb7 27. b5 axb5 28. Ra7 Qb8 29. Rxc7 Qxc7 30. Nxb5 (30. cxb5 $1) 30... Qb8 31. Nxd6 Bxd6 32. Qxd6 Qb2 $6 (32... Qxd6 33. Rxd6 Rc8 $16) 33. Qd2 (33. Kf2 $1) 33... Qa3 34. Qd3 Qb4 35. Rb1 Qa5 36. Rb5 Qa1+ 37. Kf2 Rc8 38. Qd6 Qa8 39. Qb4 Qc6 40. c5 {[#]} g6 41. Bc4 Kg7 42. Qb3 Rf8 43. Ra5 Qc7 44. Qa2 g5 45. Bd5 g4 46. Ra7 Qc8 47. Ra8 Qc7 48. Rxf8 Kxf8 49. c6 Nxd5 50. exd5 Nf6 51. Bxh6+ Kg8 52. Qd2 Nh7 (52... Kh7 53. Qg5 Ne8 54. Qh5 Nf6 55. Qf5+ Kxh6 56. Qxf6+) 53. d6 Qb6+ 54. Be3 Qd8 55. d7 1-0

[Event "2024 Jeremy Silman Memorial TNM"]
[Site "San Francisco"]
[Date "2024.07.09"]
[Round "1.17"]
[White "Olson, David R"]
[Black "Clemens, Kristian"]
[Result "0-1"]
[WhiteElo "1400"]
[BlackElo "1954"]
[Annotator "Winslow,Elliott"]
[PlyCount "78"]
[GameId "2066087780352253"]
[EventDate "2024.??.??"]

1. d4 d5 2. c4 e6 3. Nc3 Be7 4. Nf3 Nf6 5. e3 c5 6. dxc5 Bxc5 7. Be2 ({Relevant:} 7. Bd3 dxc4 8. Bxc4 Qxd1+ 9. Kxd1 Bd7 10. Ke2 Nc6 11. Rd1 O-O-O 12. a3 Be8 13. b4 Rxd1 14. Nxd1 Bd6 15. Bb2 Ne7 16. Rc1 Kb8 17. Nc3 Bc6 18. Nb5 Bxb5 19. Bxb5 Ng6 20. Bd3 Rd8 21. Ng5 Be5 22. Bc3 Bxc3 23. Rxc3 Ne5 24. f4 Nd5 25. Rb3 h6 26. Ne4 Ng4 27. Bc4 Ne7 28. h3 Nf6 29. Nc5 Nf5 30. Bd3 Nd6 31. e4 Nd7 32. Nxd7+ Rxd7 33. e5 Nc8 34. Be4 Ne7 35. Rg3 g6 36. Rd3 Rxd3 {½-½ Nakamura,H (2794)-Firouzja,A (2737) Bullet Chess Winners Chess.com INT blitz 2024 (5.5)}) 7... Nc6 8. a3 O-O 9. b4 Bb6 10. c5 Bc7 11. Nb5 Bb8 12. Bb2 a5 {[#]} 13. Qd2 $146 ({Predecessor:} 13. Qb3 axb4 14. axb4 Rxa1+ 15. Bxa1 Ne4 16. O-O Ne7 17. Rd1 Bd7 18. Qb2 f6 19. Bd3 Qe8 20. Nbd4 Qh5 21. Ne2 e5 22. Bxe4 dxe4 23. Ng3 Qg4 24. h3 Qe6 25. Nxe4 Bc6 26. Nfd2 Rd8 27. Qc2 Qd5 {½-½ Tunez,F-Opychaneyj,G (2073) Buenos Aires-chT Intercoop 30th 2004 (4)}) 13... Ne4 {[#]} 14. Qc2 axb4 15. a4 Qe7 16. Bd3 b3 17. Qxb3 Nxc5 18. Qc3 Nxd3+ 19. Qxd3 Rd8 20. Qc3 f6 21. O-O e5 22. Rfe1 Be6 23. g3 Bg4 24. Nh4 e4 25. Ng2 Ne5 26. Kh1 Nd3 27. Reb1 Nxf2+ 28. Kg1 Nd3 29. Ba3 Qd7 30. Nd4 Rxa4 31. Nh4 Rc4 32. Qb3 Rdc8 {[#]} 33. Qxb7 Rc1+ 34. Bxc1 Rxc1+ 35. Rxc1 Qxb7 36. Rcb1 Nb4 37. Ra4 Bd6 38. Nc2 Qc6 39. Nxb4 Qxa4 0-1

[Event "2024 Jeremy Silman Memorial TNM"]
[Site "San Francisco"]
[Date "2024.07.09"]
[Round "1.18"]
[White "Sankar, Arvind"]
[Black "Schuster, Zack"]
[Result "1/2-1/2"]
[WhiteElo "1925"]
[BlackElo "1387"]
[Annotator "Winslow,Elliott"]
[PlyCount "70"]
[GameId "2066087780352254"]
[EventDate "2024.??.??"]

1. d4 d5 2. c4 c6 3. Nc3 Nf6 4. e3 e6 5. Nf3 Nbd7 6. Be2 Bd6 7. b3 O-O 8. O-O b6 9. Bb2 Bb7 10. Bd3 Qe7 ({Relevant:} 10... Re8 11. Qc2 h6 12. Rfd1 Qe7 13. Rac1 Rad8 14. g3 dxc4 15. bxc4 e5 16. Nh4 Qf8 17. Qa4 a6 18. Nf5 Bb8 19. Ne4 g6 20. Nxf6+ Nxf6 21. Nh4 b5 22. Qb3 Kh7 23. dxe5 Bxe5 24. Bxe5 Rxe5 25. cxb5 Rxd3 26. Qxd3 cxb5 27. Rc7 Be4 28. Qd6 Qxd6 29. Rxd6 Kg7 30. Rxa6 g5 31. Ng2 Rd5 32. Rc1 Ng4 33. Ne1 Ne5 34. h3 Rd2 35. Ra5 Bc6 36. a4 Nc4 37. axb5 Bd5 38. Ra4 Nd6 39. Rd4 Rxd4 40. exd4 {1-0 Le,Q (2731)-Caruana,F (2795) Saint Louis Blitz 2023 (13)}) 11. Re1 e5 {[#]} 12. dxe5 Nxe5 {[#]} 13. Nxe5 $146 ({Predecessor:} 13. cxd5 cxd5 14. Nb5 Nxd3 15. Qxd3 Ne4 16. Nxd6 Qxd6 17. Nd4 Qg6 18. Red1 Rfc8 19. f3 Nc5 20. Qxg6 hxg6 21. Rac1 Ba6 22. Rc3 Rc7 23. Rdc1 Rac8 24. h4 Bd3 25. Kh2 a5 26. a3 Kh7 27. g4 Kg8 28. Kg3 Na6 29. Nc6 Nc5 30. Nd4 Ne6 31. Rxc7 Rxc7 32. Rxc7 Nxc7 33. Nc6 Bc2 34. Be5 Nb5 35. a4 Na3 36. Bb2 Nb1 37. Nd4 Bd3 38. Kf2 Nd2 39. Bc1 Nb1 40. Bb2 Nd2 41. Ke1 Nf1 42. Bc1 f5 {1-0 Grachev,B (2593)-Tsydypov,Z (2534) RUS Cup final Khanty-Mansiysk 2022 (3.1)}) 13... Bxe5 (13... Qxe5) 14. f4 Bd6 15. cxd5 cxd5 16. Nb5 Bc5 (16... Bb4) 17. Nd4 $14 Rfe8 18. Qf3 a6 19. Qg3 Ne4 20. Qg4 Bc8 $6 {[#]} 21. Nf5 Qf8 22. Qxg7+ $16 Qxg7 23. Nxg7 Re7 24. Nh5 $2 (24. f5) 24... Bg4 $11 25. Bxe4 Bxh5 26. Bxd5 Rae8 $2 (26... Rd8 27. Bc4 Rxe3 $11) 27. Be5 $18 Kf8 28. Kf1 (28. Rac1 $1) 28... f6 29. Bxf6 Rxe3 30. Rxe3 Rxe3 {[#]} 31. Bh4 $2 (31. Re1) 31... Be2+ 32. Kf2 $8 $11 Re5+ 33. Ke1 Bb4+ 34. Kf2 Bc5+ 35. Ke1 Bb4+ 1/2-1/2